<?xml version="1.0" encoding="UTF-8"?>
<record
    xmlns:xsi="http://www.w3.org/2001/XMLSchema-instance"
    xsi:schemaLocation="http://www.loc.gov/MARC21/slim http://www.loc.gov/standards/marcxml/schema/MARC21slim.xsd"
    xmlns="http://www.loc.gov/MARC21/slim">

  <leader>00957cam a2200277 a 4500</leader>
  <controlfield tag="001">000009432</controlfield>
  <controlfield tag="005">20200929161606.0</controlfield>
  <controlfield tag="008">741007s1988    cu            000 f spa d</controlfield>
  <datafield tag="035" ind1=" " ind2=" ">
    <subfield code="a">(DLC) 68072098</subfield>
  </datafield>
  <datafield tag="035" ind1=" " ind2=" ">
    <subfield code="a">(OCoLC)1033760</subfield>
  </datafield>
  <datafield tag="040" ind1=" " ind2=" ">
    <subfield code="a">DO-SdBNP</subfield>
    <subfield code="c">RUn</subfield>
    <subfield code="d">BNPHU</subfield>
  </datafield>
  <datafield tag="082" ind1=" " ind2=" ">
    <subfield code="a">G863.4</subfield>
    <subfield code="b">A859e</subfield>
  </datafield>
  <datafield tag="100" ind1="1" ind2=" ">
    <subfield code="a">Asturias, Miguel &#xC1;ngel,</subfield>
    <subfield code="d">1899-1974</subfield>
    <subfield code="9">5391</subfield>
  </datafield>
  <datafield tag="245" ind1="1" ind2="3">
    <subfield code="a">El espejo de Lida Sal y otros relatos /</subfield>
    <subfield code="c">Miguel &#xC1;ngel Asturias ; selecci&#xF3;n y pr&#xF3;logo de Pedro &#xC1;ngel Gonz&#xE1;lez ; edicci&#xF3;n de Mayra Hern&#xE1;ndez Men&#xE9;ndez.</subfield>
  </datafield>
  <datafield tag="260" ind1=" " ind2=" ">
    <subfield code="a">La Habana, Cuba :</subfield>
    <subfield code="b">Arte y Literatura,</subfield>
    <subfield code="c">1988.</subfield>
  </datafield>
  <datafield tag="300" ind1=" " ind2=" ">
    <subfield code="a">261 p. ;</subfield>
    <subfield code="c">19 cm.</subfield>
  </datafield>
  <datafield tag="490" ind1="1" ind2=" ">
    <subfield code="a">Hurac&#xE1;n</subfield>
  </datafield>
  <datafield tag="650" ind1=" " ind2="4">
    <subfield code="a">Novela guatemalteca</subfield>
    <subfield code="9">5392</subfield>
  </datafield>
  <datafield tag="650" ind1=" " ind2="4">
    <subfield code="a">Literatura guatemalteca</subfield>
    <subfield code="y">SIGLO XX</subfield>
    <subfield code="9">24228</subfield>
  </datafield>
  <datafield tag="700" ind1="1" ind2=" ">
    <subfield code="a">Gonz&#xE1;lez, Pedro &#xC1;ngel,</subfield>
    <subfield code="e">pr&#xF3;l.</subfield>
    <subfield code="9">24229</subfield>
  </datafield>
  <datafield tag="700" ind1="1" ind2=" ">
    <subfield code="a">Hern&#xE1;ndez Men&#xE9;ndez, Mayra,</subfield>
    <subfield code="e">ed.</subfield>
    <subfield code="9">3967</subfield>
  </datafield>
  <datafield tag="830" ind1=" " ind2="0">
    <subfield code="a">Hurac&#xE1;n</subfield>
    <subfield code="9">5481</subfield>
  </datafield>
  <datafield tag="910" ind1=" " ind2=" ">
    <subfield code="a">Catalogaci&#xF3;n derivada</subfield>
  </datafield>
  <datafield tag="910" ind1=" " ind2=" ">
    <subfield code="a">WM</subfield>
  </datafield>
  <datafield tag="049" ind1=" " ind2=" ">
    <subfield code="a">BNGR</subfield>
  </datafield>
  <datafield tag="952" ind1=" " ind2=" ">
    <subfield code="0">0</subfield>
    <subfield code="1">0</subfield>
    <subfield code="5">4</subfield>
    <subfield code="7">0</subfield>
    <subfield code="8">MO</subfield>
    <subfield code="a">GR</subfield>
    <subfield code="b">GR</subfield>
    <subfield code="c">HD</subfield>
    <subfield code="d">2009-09-29</subfield>
    <subfield code="i">LF1</subfield>
    <subfield code="l">0</subfield>
    <subfield code="o">G863.4 A859e</subfield>
    <subfield code="p">9432-10</subfield>
    <subfield code="r">2020-06-25</subfield>
    <subfield code="w">2020-06-25</subfield>
    <subfield code="y">4</subfield>
    <subfield code="Z">Pr&#xE9;stamo en sala</subfield>
  </datafield>
  <datafield tag="999" ind1=" " ind2=" ">
    <subfield code="c">9192</subfield>
    <subfield code="d">9192</subfield>
  </datafield>
</record>
